Speaking : Elementary

Kaydedildi:
Detaylı Bibliyografya
Materyal Türü: Kitap
Dil:Undetermined
Baskı/Yayın Bilgisi: Oxford Oxford University Press 1987
Konular:
Etiketler: Etiketle
Etiket eklenmemiş, İlk siz ekleyin!
Thư viện lưu trữ: Trung tâm Học liệu Trường Đại học Cần Thơ
LEADER 00665nam a2200205Ia 4500
001 CTU_118913
008 210402s9999 xx 000 0 und d
082 |a 428.0071 
082 |b S741e 
245 0 |a Speaking : 
245 0 |b Elementary 
245 0 |c Rob Nolasco 
260 |a Oxford 
260 |b Oxford University Press 
260 |c 1987 
650 |a English language,English language,Tiếng Anh giáo trình dành cho người nước ngoài 
650 |x Speaking 
904 |i M.Loan 
910 |i Mai chuyển số PL từ 428.24 sang 428.0071/S471, chọn cutter theo Spe 
980 |a Trung tâm Học liệu Trường Đại học Cần Thơ